[Event "CZE-chT2A 1819"]
[Site "Czech Republic"]
[Date "2019.03.31"]
[Round "11.4"]
[White "Havlik, Jindrich"]
[Black "Hrdina, Robin"]
[Result "1-0"]
[WhiteElo "2117"]
[BlackElo "2246"]
[PlyCount "121"]
[EventDate "2018.10.14"]
[EventType "team-tourn"]
[EventRounds "11"]
[EventCountry "CZE"]
[SourceTitle "EXT 2022"]
[Source "ChessBase"]
[SourceDate "2021.10.06"]
[SourceVersion "1"]
[SourceVersionDate "2021.10.06"]
[SourceQuality "1"]
[WhiteTeam "Klatovy"]
[BlackTeam "Vlasim"]
[WhiteTeamCountry "CZE"]
[BlackTeamCountry "CZE"]

1. e4 e5 2. Nc3 Nf6 3. g3 d5 4. exd5 Nxd5 5. Bg2 Nxc3 6. bxc3 Bc5 7. Nf3 Nc6 8. 0-0 0-0 9. d3 Bg4 10. Rb1 Bb6 11. Qe1 Re8 12. Qe4 Qd7 13. Ng5 Bf5 14. Bh3 Bxe4 15. Bxd7 Re7 16. Bh3 Bg6 17. Ba3 Ree8 18. Bg2 Rab8 19. Ne4 Ne7 20. Nc5 Bxc5 21. Bxc5 b6 22. Ba3 c5 23. f4 exf4 24. Rxf4 Nf5 25. Rf2 Ne3 26. Bc6 Rec8 27. Bb5 Rd8 28. Re1 Nd5 29. Bb2 Nc7 30. Bc6 Rd6 31. Bf3 Ne6 32. Rfe2 h6 33. Bg4 Rbd8 34. h4 h5 35. Bh3 b5 36. Bc1 Ra6 37. Bxe6 Rxe6 38. Rxe6 fxe6 39. Rxe6 Re8 40. Rxe8+ Bxe8 41. Be3 c4 42. Bxa7 Kf7 43. Kf2 Ke6 44. Bd4 g6 45. Ke3 Kd5 46. Bf6 Bd7 47. Kd2 Bc8 48. Kc1 Bf5 49. d4 Be6 50. Kb2 Bf5 51. Ka3 Bxc2 52. Kb4 Ba4 53. Ka5 Kc6 54. Be7 Kd7 55. Bf8 Kc6 56. Ka6 Bd1 57. d5+ Kxd5 58. Kxb5 Be2 59. a4 Ke6 60. Kc6 Bf3+ 61. Kc7 1-0

[Event "Landesliga Nord 1718"]
[Site "Bayern"]
[Date "2017.12.10"]
[Round "4.4"]
[White "Havlik, Jindrich"]
[Black "Mittag, Ralf"]
[Result "0-1"]
[WhiteElo "2077"]
[BlackElo "2088"]
[PlyCount "120"]
[EventDate "2017.10.22"]
[EventType "team-tourn"]
[EventRounds "9"]
[EventCountry "GER"]
[SourceTitle "EXT 2022"]
[Source "ChessBase"]
[SourceDate "2021.10.06"]
[SourceVersion "1"]
[SourceVersionDate "2021.10.06"]
[SourceQuality "1"]
[WhiteTeam "Bad Koetzting"]
[BlackTeam "Bamberg SC"]
[WhiteTeamCountry "GER"]
[BlackTeamCountry "GER"]

1. e4 g6 2. d4 Bg7 3. Nc3 d6 4. Be3 Nc6 5. f4 Nf6 6. d5 Nb8 7. Be2 c6 8. Bd4 0-0 9. Bf3 Qa5 10. Qd2 c5 11. Be3 b5 12. e5 b4 13. Nd1 Ng4 14. Bxg4 Bxg4 15. Nf2 Bc8 16. Nf3 Nd7 17. 0-0 Ba6 18. Rfe1 Nb6 19. a3 Bb7 20. axb4 Qxb4 21. Qxb4 cxb4 22. Nd3 Nxd5 23. Bxa7 Rfc8 24. Nd4 dxe5 25. fxe5 Bh6 26. Kf2 Rc7 27. Ra5 Rc4 28. Nb3 Rxc2+ 29. Re2 Rxe2+ 30. Kxe2 Nf4+ 31. Nxf4 Bxf4 32. g3 Bxe5 33. Rxe5 Rxa7 34. Nc1 e6 35. Kd2 Bd5 36. Nd3 Rb7 37. Nf4 Bb3 38. Re4 Bd5 39. Rd4 Rb5 40. Nd3 b3 41. Kc3 Rb7 42. Nb4 Rc7+ 43. Kd3 Bf3 44. Ke3 Bb7 45. Rd3 Rc1 46. Rxb3 Rh1 47. h4 Rg1 48. Kd4 Rg2 49. Nd3 Bd5 50. Rb8+ Kg7 51. b4 Rxg3 52. b5 Rg4+ 53. Kc5 Rxh4 54. b6 Rc4+ 55. Kb5 Rc3 56. Nb4 Bf3 57. Rd8 h5 58. Nd3 h4 59. Ne5 Bg2 60. Rd2 h3 0-1

[Event "Landesliga Nord 1617"]
[Site "Bayern"]
[Date "2017.04.02"]
[Round "8.2"]
[White "Kopp, Andre"]
[Black "Havlik, Jindrich"]
[Result "1-0"]
[WhiteElo "2153"]
[BlackElo "2160"]
[PlyCount "93"]
[EventDate "2016.10.16"]
[EventType "team-tourn"]
[EventRounds "9"]
[EventCountry "GER"]
[SourceTitle "EXT 2019"]
[Source "ChessBase"]
[SourceDate "2018.10.10"]
[SourceVersion "1"]
[SourceVersionDate "2018.10.10"]
[SourceQuality "1"]
[WhiteTeam "Marktleuthen"]
[BlackTeam "Bad Koetzting"]
[WhiteTeamCountry "GER"]
[BlackTeamCountry "GER"]

1. Nf3 e6 2. d4 c5 3. g3 cxd4 4. Bg2 Bb4+ 5. Nbd2 Nc6 6. 0-0 d5 7. a3 Be7 8. b4 Qb6 9. Nb3 Bf6 10. Rb1 e5 11. e3 dxe3 12. Bxe3 d4 13. Bg5 Bg4 14. Qd2 h6 15. Bxf6 gxf6 16. b5 Nce7 17. a4 Rc8 18. Rfe1 Qc7 19. Qb4 Be6 20. Nfxd4 exd4 21. Nxd4 Qc3 22. Bxb7 Qxb4 23. Rxb4 Rc4 24. Bc6+ Nxc6 25. Rxc4 Nxd4 26. Rxd4 Ne7 27. c4 Nf5 28. Rd2 Rg8 29. Re4 Ke7 30. c5 Rc8 31. c6 Nd6 32. Red4 Nc4 33. Rxc4 Bxc4 34. Rd7+ Ke6 35. Rxa7 Kd6 36. Kg2 Be6 37. Kf3 Kc5 38. Ke3 Rd8 39. Rb7 Ra8 40. c7 Rc8 41. a5 Bc4 42. b6 Kc6 43. Rb8 Ba6 44. Kd4 Kd6 45. b7 Bxb7 46. Rxb7 Kc6 47. Rb3 1-0

[Event "Landesliga Nord 1617"]
[Site "Bayern"]
[Date "2017.01.15"]
[Round "4.2"]
[White "Havlik, Jindrich"]
[Black "Kannenberg, Karl Heinz"]
[Result "0-1"]
[WhiteElo "2160"]
[BlackElo "2170"]
[PlyCount "42"]
[EventDate "2016.10.16"]
[EventType "team-tourn"]
[EventRounds "9"]
[EventCountry "GER"]
[SourceTitle "EXT 2019"]
[Source "ChessBase"]
[SourceDate "2018.10.10"]
[SourceVersion "1"]
[SourceVersionDate "2018.10.10"]
[SourceQuality "1"]
[WhiteTeam "Bad Koetzting"]
[BlackTeam "Kitzingen"]
[WhiteTeamCountry "GER"]
[BlackTeamCountry "GER"]

1. e4 c6 2. d4 d5 3. e5 Bf5 4. h4 h5 5. c4 dxc4 6. Bxc4 e6 7. Ne2 Nd7 8. Nbc3 Nb6 9. Bb3 Ne7 10. Bg5 Qd7 11. Ng3 Bg6 12. Rh3 Nbd5 13. a3 Nf5 14. Nxd5 exd5 15. Ne2 Nh6 16. Nf4 Bf5 17. e6 fxe6 18. Re3 Ng4 19. Re2 Bd6 20. Nxd5 cxd5 21. Ba4 b5 0-1

[Event "CZE-chT2A 1516"]
[Site "Czech Republic"]
[Date "2016.04.17"]
[Round "11.6"]
[White "Pokorny, Petr"]
[Black "Havlik, Jindrich"]
[Result "1-0"]
[WhiteElo "2181"]
[BlackElo "2081"]
[PlyCount "61"]
[EventDate "2015.10.18"]
[EventType "team-tourn"]
[EventRounds "11"]
[EventCountry "CZE"]
[SourceTitle "EXT 2022"]
[Source "ChessBase"]
[SourceDate "2021.10.06"]
[SourceVersion "1"]
[SourceVersionDate "2021.10.06"]
[SourceQuality "1"]
[WhiteTeam "Unichess III"]
[BlackTeam "Klatovy"]
[WhiteTeamCountry "CZE"]
[BlackTeamCountry "CZE"]

1. d4 e6 2. c4 c5 3. d5 exd5 4. cxd5 d6 5. Nc3 Ne7 6. e4 Ng6 7. Nge2 Be7 8. Ng3 0-0 9. Bd3 b6 10. 0-0 Ba6 11. Bxa6 Nxa6 12. f4 Bf6 13. e5 dxe5 14. f5 Nf4 15. Nge4 Nb4 16. Nxf6+ Qxf6 17. g3 Nfd3 18. a3 e4 19. axb4 Qd4+ 20. Kg2 cxb4 21. Ne2 Qxd5 22. Nf4 Qc6 23. Nxd3 exd3+ 24. Qf3 Rfc8 25. Rd1 Qxf3+ 26. Kxf3 Rd8 27. Ke4 Rd7 28. Be3 a5 29. Bxb6 a4 30. Bd4 Rad8 31. Rxd3 1-0

[Event "CZE-chT2A 1516"]
[Site "Czech Republic"]
[Date "2015.11.22"]
[Round "3.4"]
[White "Havlik, Jindrich"]
[Black "Vedral, Oldrich"]
[Result "0-1"]
[WhiteElo "2081"]
[BlackElo "2253"]
[PlyCount "56"]
[EventDate "2015.10.18"]
[EventType "team-tourn"]
[EventRounds "11"]
[EventCountry "CZE"]
[SourceTitle "EXT 2022"]
[Source "ChessBase"]
[SourceDate "2021.10.06"]
[SourceVersion "1"]
[SourceVersionDate "2021.10.06"]
[SourceQuality "1"]
[WhiteTeam "Klatovy"]
[BlackTeam "Praha Oaza"]
[WhiteTeamCountry "CZE"]
[BlackTeamCountry "CZE"]

1. e4 c5 2. Nf3 Nc6 3. d4 cxd4 4. Nxd4 Nf6 5. Nc3 e5 6. Ndb5 d6 7. Bg5 a6 8. Na3 b5 9. Nd5 Be7 10. Bxf6 Bxf6 11. c4 b4 12. Nc2 a5 13. Qf3 Bg5 14. h4 Be7 15. Rd1 Be6 16. Qd3 0-0 17. Nxe7+ Qxe7 18. Qxd6 Qb7 19. Bd3 Qb6 20. Nd4 exd4 21. h5 b3 22. a3 Rac8 23. Qg3 Qc7 24. f4 f5 25. 0-0 fxe4 26. Bxe4 Bxc4 27. Rc1 Qf7 28. Qf3 Ne7 0-1

[Event "Landesliga Nord 1516"]
[Site "Bayern"]
[Date "2015.11.15"]
[Round "3.4"]
[White "Havlik, Jindrich"]
[Black "Nuding, Matthias"]
[Result "1/2-1/2"]
[WhiteElo "2160"]
[BlackElo "2061"]
[PlyCount "46"]
[EventDate "2015.10.11"]
[EventType "team-tourn"]
[EventRounds "9"]
[EventCountry "GER"]
[SourceTitle "EXT 2018"]
[Source "ChessBase"]
[SourceDate "2017.10.13"]
[SourceVersion "1"]
[SourceVersionDate "2017.10.13"]
[SourceQuality "1"]
[WhiteTeam "Bad Koetzting"]
[BlackTeam "Nuernberg NT II"]
[WhiteTeamCountry "GER"]
[BlackTeamCountry "GER"]

1. e4 e6 2. d4 d5 3. Nd2 c5 4. Ngf3 cxd4 5. exd5 Qxd5 6. Bc4 Qd6 7. 0-0 Nf6 8. Nb3 Nc6 9. Nbxd4 Nxd4 10. Nxd4 Bd7 11. Re1 Rc8 12. Bb3 Be7 13. Bg5 Rc5 14. Bh4 0-0 15. c3 Rd8 16. Qf3 b5 17. Bc2 b4 18. Rad1 Qd5 19. Nf5 Qxf3 20. Nxe7+ Kf8 21. gxf3 Kxe7 22. Re3 bxc3 23. bxc3 h6 1/2-1/2

[Event "CZE-chT2A 1415"]
[Site "Czech Republic"]
[Date "2015.04.19"]
[Round "11.3"]
[White "Novak, Petr1111"]
[Black "Havlik, Jindrich"]
[Result "1-0"]
[WhiteElo "2205"]
[BlackElo "2128"]
[PlyCount "57"]
[EventDate "2014.11.02"]
[EventType "team-tourn"]
[EventRounds "11"]
[EventCountry "CZE"]
[SourceTitle "EXT 2022"]
[Source "ChessBase"]
[SourceDate "2021.10.06"]
[SourceVersion "1"]
[SourceVersionDate "2021.10.06"]
[SourceQuality "1"]
[WhiteTeam "Praha Dukla"]
[BlackTeam "Klatovy"]
[WhiteTeamCountry "CZE"]
[BlackTeamCountry "CZE"]

1. d4 e6 2. c4 c5 3. d5 exd5 4. cxd5 d6 5. Nc3 Ne7 6. e4 Ng6 7. g3 Be7 8. Bg2 Bf6 9. Nge2 0-0 10. 0-0 Bg4 11. f3 Bd7 12. a4 Na6 13. Be3 Nb4 14. f4 Re8 15. h3 a6 16. Kh2 b5 17. e5 Rc8 18. Ne4 dxe5 19. Bxc5 Rxc5 20. Nxc5 exf4 21. Nxf4 Be5 22. Qd2 a5 23. Nxg6 hxg6 24. Qf2 Bf5 25. axb5 Nc2 26. Rad1 Bb8 27. d6 Ne3 28. d7 Nxf1+ 29. Bxf1 1-0

[Event "CZE-chT2A 1415"]
[Site "Czech Republic"]
[Date "2014.12.14"]
[Round "4.3"]
[White "Folk, Petr"]
[Black "Havlik, Jindrich"]
[Result "1-0"]
[WhiteElo "2154"]
[BlackElo "2128"]
[PlyCount "61"]
[EventDate "2014.11.02"]
[EventType "team-tourn"]
[EventRounds "11"]
[EventCountry "CZE"]
[SourceTitle "EXT 2022"]
[Source "ChessBase"]
[SourceDate "2021.10.06"]
[SourceVersion "1"]
[SourceVersionDate "2021.10.06"]
[SourceQuality "1"]
[WhiteTeam "Kozolupy"]
[BlackTeam "Klatovy"]
[WhiteTeamCountry "CZE"]
[BlackTeamCountry "CZE"]

1. e4 e6 2. d4 d5 3. Nc3 Bb4 4. e5 c5 5. a3 Bxc3+ 6. bxc3 Qa5 7. Bd2 Qa4 8. Nf3 Nc6 9. dxc5 Qe4+ 10. Be3 Nxe5 11. Nxe5 Qxe5 12. Bb5+ Bd7 13. Bxd7+ Kxd7 14. 0-0 Nf6 15. Rb1 Qc7 16. c4 Rad8 17. cxd5 exd5 18. Qf3 Kc8 19. Rb4 Qc6 20. Rfb1 Rd7 21. Bd4 Re8 22. Bxf6 gxf6 23. h3 Re4 24. Qf5 Qe6 25. Qxh7 Re1+ 26. Rxe1 Qxe1+ 27. Kh2 Qxf2 28. c6 bxc6 29. Qg8+ Rd8 30. Qxf7 Rd7 31. Qe8+ 1-0

[Event "CZE-chT2A 1415"]
[Site "Czech Republic"]
[Date "2014.11.16"]
[Round "2.3"]
[White "Havlik, Jan"]
[Black "Havlik, Jindrich"]
[Result "1-0"]
[WhiteElo "2343"]
[BlackElo "2128"]
[PlyCount "63"]
[EventDate "2014.11.02"]
[EventType "team-tourn"]
[EventRounds "11"]
[EventCountry "CZE"]
[SourceTitle "EXT 2022"]
[Source "ChessBase"]
[SourceDate "2021.10.06"]
[SourceVersion "1"]
[SourceVersionDate "2021.10.06"]
[SourceQuality "1"]
[WhiteTeam "Pisek"]
[BlackTeam "Klatovy"]
[WhiteTeamCountry "CZE"]
[BlackTeamCountry "CZE"]

1. e4 e6 2. d3 d5 3. Nd2 Nf6 4. g3 b6 5. Bg2 Bb7 6. e5 Nfd7 7. Ngf3 c5 8. 0-0 Nc6 9. Re1 g5 10. d4 g4 11. Nh4 Be7 12. Qxg4 Nxd4 13. Qg7 Rf8 14. Qxh7 Bxh4 15. gxh4 Qc7 16. c3 Nc6 17. Nf3 0-0-0 18. Bg5 Rde8 19. Qg7 Rg8 20. Qxf7 Rgf8 21. Qh7 Rf5 22. Qg6 Rff8 23. Qg7 Rg8 24. Qh7 Rh8 25. Qd3 Ndxe5 26. Nxe5 Nxe5 27. Qh3 Rhf8 28. f4 Nc4 29. Rxe6 Kb8 30. Rae1 Rxe6 31. Qxe6 Bc6 32. Bxd5 1-0

[Event "Kouty nad Desnou op-A"]
[Site "Kouty nad Desnou"]
[Date "2014.03.15"]
[Round "9"]
[White "Haring, Viktor"]
[Black "Havlik, Jindrich"]
[Result "1/2-1/2"]
[WhiteElo "2109"]
[BlackElo "2117"]
[PlyCount "57"]
[EventDate "2014.03.08"]
[EventType "swiss"]
[EventRounds "9"]
[EventCountry "CZE"]
[SourceTitle "EXT 2015"]
[Source "ChessBase"]
[SourceDate "2014.11.20"]
[SourceVersion "1"]
[SourceVersionDate "2014.11.20"]
[SourceQuality "1"]

1. e4 e6 2. d4 d5 3. Nd2 Be7 4. Ngf3 Nf6 5. e5 Nfd7 6. Bd3 c5 7. c3 Nc6 8. 0-0 g5 9. Nb1 g4 10. Ne1 h5 11. Nc2 Qb6 12. Be2 cxd4 13. cxd4 f6 14. exf6 Nxf6 15. Nc3 Bd7 16. Qd3 0-0-0 17. Bf4 Rdf8 18. Nb5 Ne8 19. Be5 Nxe5 20. dxe5 Bxb5 21. Qxb5 Rf5 22. Rac1 Qxb5 23. Bxb5 Rxe5 24. Nd4+ Kd8 25. Rfe1 Bf6 26. Nxe6+ Ke7 27. Nc7 Nxc7 28. Rxc7+ Ke6 29. Rd1 1/2-1/2

[Event "Kouty nad Desnou op-A"]
[Site "Kouty nad Desnou"]
[Date "2014.03.13"]
[Round "7"]
[White "Malinovsky, Petr"]
[Black "Havlik, Jindrich"]
[Result "0-1"]
[WhiteElo "2008"]
[BlackElo "2117"]
[PlyCount "107"]
[EventDate "2014.03.08"]
[EventType "swiss"]
[EventRounds "9"]
[EventCountry "CZE"]
[SourceTitle "EXT 2015"]
[Source "ChessBase"]
[SourceDate "2014.11.20"]
[SourceVersion "1"]
[SourceVersionDate "2014.11.20"]
[SourceQuality "1"]

1. c4 e6 2. Nc3 b6 3. e4 Bb4 4. Nge2 Bb7 5. a3 Be7 6. d4 c6 7. d5 cxd5 8. cxd5 exd5 9. Nxd5 Nf6 10. Nec3 Nxd5 11. Nxd5 0-0 12. Be2 Bd6 13. Be3 Re8 14. 0-0 Kh8 15. h3 Be5 16. Rb1 Nc6 17. f4 Bb8 18. Bd3 Bd6 19. Bc2 Bc5 20. Bxc5 bxc5 21. Bd3 Nd4 22. Nc3 Qc8 23. b3 Ba6 24. Nd5 Bxd3 25. Qxd3 Rb8 26. b4 d6 27. Rbc1 Qe6 28. Rfe1 Rec8 29. Rc4 f5 30. bxc5 dxc5 31. Nc3 Rb3 32. e5 Rxa3 33. Qf1 Nc2 34. Nb1 Ne3 35. Qf3 Nxc4 36. Nxa3 Nd2 37. Qd3 Ne4 38. Rc1 Qa2 39. Rc2 Qa1+ 40. Kh2 h5 41. Qd7 Rf8 42. Qe7 Kg8 43. Qe6+ Kh7 44. Qb3 h4 45. Nb1 Qd4 46. Qf3 g6 47. Rc1 Rd8 48. Nc3 Qd2 49. Nxe4 fxe4 50. Qc3 Qxf4+ 51. Kh1 e3 52. Qxc5 e2 53. Qc7+ Kh6 54. Qxd8 0-1

[Event "Kouty nad Desnou op-A"]
[Site "Kouty nad Desnou"]
[Date "2014.03.11"]
[Round "4"]
[White "Havlik, Jindrich"]
[Black "Moravec, Vit"]
[Result "1/2-1/2"]
[WhiteElo "2117"]
[BlackElo "2179"]
[PlyCount "101"]
[EventDate "2014.03.08"]
[EventType "swiss"]
[EventRounds "9"]
[EventCountry "CZE"]
[SourceTitle "EXT 2015"]
[Source "ChessBase"]
[SourceDate "2014.11.20"]
[SourceVersion "1"]
[SourceVersionDate "2014.11.20"]
[SourceQuality "1"]

1. e4 c5 2. Nf3 d6 3. d4 cxd4 4. Nxd4 Nf6 5. Nc3 g6 6. Bc4 Bg7 7. f3 0-0 8. Be3 Nc6 9. Bb3 Bd7 10. Qd2 Rc8 11. 0-0-0 Nxd4 12. Bxd4 b5 13. h4 a5 14. h5 a4 15. Bxf6 exf6 16. Bd5 a3 17. hxg6 hxg6 18. Bb3 f5 19. Qxd6 Be6 20. Qh2 Qg5+ 21. f4 axb2+ 22. Kb1 Qh5 23. Qxh5 gxh5 24. Nd5 Bxd5 25. exd5 Rfe8 26. Rxh5 Re2 27. Rxf5 Rd8 28. d6 Rxd6 29. Bxf7+ Kh7 30. Rh1+ Rh6 31. Rxh6+ Bxh6 32. Rxb5 Rxg2 33. Rh5 Kg7 34. Rxh6 Kxh6 35. f5 Kg5 36. Be6 Kf6 37. Kxb2 Ke5 38. a4 Kd6 39. Kb3 Rf2 40. Kc3 Rf4 41. Kb3 Kc5 42. c3 Kb6 43. Kc2 Kc5 44. a5 Ra4 45. f6 Kd6 46. f7 Ke7 47. Kb3 Rxa5 48. Kb4 Re5 49. Bb3 Rf5 50. Bc4 Kd6 51. Bb3 1/2-1/2

[Event "CZE-chT2A 1314"]
[Site "Czech Republic"]
[Date "2014.02.16"]
[Round "8.2"]
[White "Havlik, Jindrich"]
[Black "Folk, Petr"]
[Result "1/2-1/2"]
[WhiteElo "2104"]
[BlackElo "2229"]
[PlyCount "99"]
[EventDate "2013.11.03"]
[EventType "team-tourn"]
[EventRounds "11"]
[EventCountry "CZE"]
[SourceTitle "EXT 2015"]
[Source "ChessBase"]
[SourceDate "2014.11.20"]
[SourceVersion "1"]
[SourceVersionDate "2014.11.20"]
[SourceQuality "1"]
[WhiteTeam "Klatovy"]
[BlackTeam "Kozolupy"]
[WhiteTeamCountry "CZE"]
[BlackTeamCountry "CZE"]

1. e4 c5 2. Nf3 Nc6 3. d4 cxd4 4. Nxd4 e6 5. Nc3 a6 6. Be3 Qc7 7. Qd2 Nf6 8. 0-0-0 b5 9. f3 Ne5 10. Qe1 Bb7 11. f4 Nc4 12. e5 Nd5 13. Bxc4 Qxc4 14. Nxd5 Bxd5 15. Nb3 a5 16. Kb1 Bb4 17. Qf2 0-0 18. Rhg1 Rfc8 19. Rd4 Qc7 20. Rgd1 a4 21. Nc1 Bf8 22. Nd3 Qa5 23. Bd2 Qa7 24. Bb4 Rc4 25. Rxc4 bxc4 26. Qxa7 Rxa7 27. Bxf8 cxd3 28. Bd6 dxc2+ 29. Kxc2 Bxa2 30. Rd4 Bd5 31. Rb4 Rb7 32. Rxb7 Bxb7 33. g3 f6 34. Kd3 Kf7 35. Ke3 Kg6 36. Bf8 h5 37. h4 Bd5 38. Kf2 Kf7 39. Bd6 fxe5 40. fxe5 Kg6 41. Bf8 Bc6 42. Ke3 Kf5 43. Bxg7 Kg4 44. Kd4 Kxg3 45. Bf6 Kf4 46. Be7 Kf5 47. Bb4 Kg4 48. Be7 Kf3 49. Bg5 Bd5 50. Bh6 1/2-1/2

[Event "CZE-chT2A 1314"]
[Site "Czech Republic"]
[Date "2014.02.02"]
[Round "7.2"]
[White "Havlik, Jindrich"]
[Black "Toman, Jaroslav"]
[Result "0-1"]
[WhiteElo "2104"]
[BlackElo "2220"]
[PlyCount "38"]
[EventDate "2013.11.03"]
[EventType "team-tourn"]
[EventRounds "11"]
[EventCountry "CZE"]
[SourceTitle "EXT 2015"]
[Source "ChessBase"]
[SourceDate "2014.11.20"]
[SourceVersion "1"]
[SourceVersionDate "2014.11.20"]
[SourceQuality "1"]
[WhiteTeam "Klatovy"]
[BlackTeam "Tachov"]
[WhiteTeamCountry "CZE"]
[BlackTeamCountry "CZE"]

1. e4 c5 2. Nf3 a6 3. c4 g6 4. d4 Bg7 5. dxc5 Qa5+ 6. Bd2 Qxc5 7. Bc3 Nf6 8. Bd3 0-0 9. 0-0 Nc6 10. a3 d6 11. b4 Qb6 12. Nbd2 Ng4 13. Bxg7 Kxg7 14. c5 dxc5 15. Nc4 Qc7 16. bxc5 Nd4 17. Nce5 Nxe5 18. Nxd4 Rd8 19. f4 Qxc5 0-1

[Event "CZE-chT2A 1314"]
[Site "Czech Republic"]
[Date "2013.12.01"]
[Round "3.2"]
[White "Havlik, Jindrich"]
[Black "Houska, Jiri"]
[Result "1/2-1/2"]
[WhiteElo "2104"]
[BlackElo "2212"]
[PlyCount "94"]
[EventDate "2013.11.03"]
[EventType "team-tourn"]
[EventRounds "11"]
[EventCountry "CZE"]
[SourceTitle "EXT 2015"]
[Source "ChessBase"]
[SourceDate "2014.11.20"]
[SourceVersion "1"]
[SourceVersionDate "2014.11.20"]
[SourceQuality "1"]
[WhiteTeam "Klatovy"]
[BlackTeam "Plzen Letna"]
[WhiteTeamCountry "CZE"]
[BlackTeamCountry "CZE"]

1. e4 c5 2. Nf3 d6 3. d4 cxd4 4. Nxd4 Nf6 5. Nc3 g6 6. f3 Bg7 7. Be3 0-0 8. Bc4 Nc6 9. Bb3 Bd7 10. Qd2 Rc8 11. 0-0-0 Ne5 12. Kb1 Re8 13. g4 b5 14. g5 b4 15. Nce2 Nh5 16. f4 Nc4 17. Bxc4 Rxc4 18. b3 Rc7 19. f5 Qa8 20. Qd3 a5 21. Rhf1 a4 22. Bc1 axb3 23. cxb3 Bc6 24. Nxc6 Rxc6 25. Rd2 Rc5 26. Rc2 Rxc2 27. Qxc2 Rc8 28. Qd3 Qa5 29. fxg6 Qe5 30. gxh7+ Kxh7 31. Qd4 Qxd4 32. Nxd4 Bxd4 33. Rxf7+ Kg6 34. Rxe7 Ng7 35. Bf4 Bc5 36. Rd7 Re8 37. Bxd6 Bxd6 38. Rxd6+ Kxg5 39. Rd4 Rb8 40. Kb2 Kf4 41. a3 bxa3+ 42. Kxa3 Rh8 43. b4 Ne6 44. Rc4 Rxh2 45. b5 Re2 46. b6 Nd8 47. Kb4 Rxe4 1/2-1/2

[Event "Czech Fed-ch opA"]
[Site "Hrdonov"]
[Date "2013.10.29"]
[Round "5"]
[White "Havlik, Jindrich"]
[Black "Kratochvil, Josef"]
[Result "0-1"]
[WhiteElo "2104"]
[BlackElo "2233"]
[PlyCount "89"]
[EventDate "2013.10.26"]
[EventType "swiss"]
[EventRounds "9"]
[EventCountry "CZE"]
[SourceTitle "EXT 2016"]
[Source "ChessBase"]
[SourceDate "2015.10.08"]
[SourceVersion "1"]
[SourceVersionDate "2015.10.08"]
[SourceQuality "1"]

1. e4 c5 2. Nf3 d6 3. d4 cxd4 4. Nxd4 Nf6 5. Nc3 g6 6. Bc4 Bg7 7. f3 Nc6 8. Be3 0-0 9. Bb3 Bd7 10. Qd2 Na5 11. 0-0-0 Rb8 12. Bh6 b5 13. Kb1 Nc4 14. Qc1 Qa5 15. Bxg7 Kxg7 16. Nd5 Nxd5 17. exd5 Qb6 18. Rhe1 Rfe8 19. Re4 Qc5 20. Rh4 Rh8 21. Qh6+ Kg8 22. Re4 Re8 23. c3 e5 24. dxe6 fxe6 25. Bxc4 bxc4 26. Rde1 e5 27. f4 Kf7 28. fxe5 dxe5 29. Qg5 Rhf8 30. Rxe5 Qd6 31. Rxe8 Rxe8 32. Rxe8 Kxe8 33. g3 Bf5+ 34. Kc1 Qe5 35. Kd2 Qd5 36. Qe3+ Kd7 37. Qf3 Be4 38. Qf4 g5 39. Qb8 a6 40. Qa7+ Kd8 41. Qxa6 Bd3 42. Qc6 Qa5 43. Qd6+ Kc8 44. Ne6 g4 45. Qc5+ 0-1

[Event "Czech Fed-ch opA"]
[Site "Hrdonov"]
[Date "2013.10.29"]
[Round "4"]
[White "Sedivy, Martin"]
[Black "Havlik, Jindrich"]
[Result "0-1"]
[WhiteElo "1946"]
[BlackElo "2104"]
[PlyCount "60"]
[EventDate "2013.10.26"]
[EventType "swiss"]
[EventRounds "9"]
[EventCountry "CZE"]
[SourceTitle "EXT 2016"]
[Source "ChessBase"]
[SourceDate "2015.10.08"]
[SourceVersion "1"]
[SourceVersionDate "2015.10.08"]
[SourceQuality "1"]

1. e4 e6 2. d4 d5 3. Nc3 Bb4 4. e5 c5 5. a3 Bxc3+ 6. bxc3 Qa5 7. Bd2 Qa4 8. Qg4 g6 9. Kd1 b6 10. h4 Ba6 11. Be2 Bxe2+ 12. Nxe2 Nc6 13. h5 Nge7 14. hxg6 Nxg6 15. f4 0-0-0 16. f5 Ngxe5 17. Qh3 cxd4 18. fxe6 d3 19. Nd4 Nxd4 20. cxd4 Qxc2+ 21. Ke1 Nc4 22. exf7+ Kb7 23. Rd1 Rd6 24. Qf5 Ne3 25. f8Q Qxd1+ 26. Kf2 Qxd2+ 27. Kf3 Rxf8 28. Rxh7+ Ka6 29. Qxf8 Qxg2+ 30. Kxe3 Qe2+ 0-1

[Event "Czech Fed-ch opA"]
[Site "Hrdonov"]
[Date "2013.10.26"]
[Round "1"]
[White "Havlik, Jindrich"]
[Black "Sodomka, Adam"]
[Result "0-1"]
[WhiteElo "2104"]
[BlackElo "1846"]
[PlyCount "70"]
[EventDate "2013.10.26"]
[EventType "swiss"]
[EventRounds "9"]
[EventCountry "CZE"]
[SourceTitle "EXT 2016"]
[Source "ChessBase"]
[SourceDate "2015.10.08"]
[SourceVersion "1"]
[SourceVersionDate "2015.10.08"]
[SourceQuality "1"]

1. e4 c5 2. Nf3 Nf6 3. Nc3 Nc6 4. d4 cxd4 5. Nxd4 e5 6. Ndb5 d6 7. Bg5 a6 8. Na3 b5 9. Nd5 Qa5+ 10. Bd2 Qd8 11. Nxf6+ Qxf6 12. c4 Qg6 13. cxb5 Nd4 14. f3 Be7 15. Be3 Bh4+ 16. Bf2 Bxf2+ 17. Kxf2 0-0 18. Nc2 Nxb5 19. Bxb5 axb5 20. Ne3 Bb7 21. Nf5 Qg5 22. h4 Qd8 23. Qxd6 Qa5 24. Qxe5 Qd2+ 25. Kg3 f6 26. Qe6+ Kh8 27. Qe7 Rg8 28. Rhd1 Qxb2 29. Qxb7 g5 30. h5 g4 31. f4 Ra3+ 32. Kh2 Qf2 33. Kh1 Rh3+ 34. gxh3 Qf3+ 35. Kg1 gxh3+ 0-1